[Event "FRA-chT4"]
[Site "France"]
[Date "2013.02.10"]
[Round "6.2"]
[White "Lassalle, Arnaud"]
[Black "Dubuisson, Thomas"]
[Result "1/2-1/2"]
[WhiteElo "2071"]
[BlackElo "1992"]
[PlyCount "20"]
[EventDate "2012.10.24"]
[EventType "team-swiss"]
[EventRounds "9"]
[EventCountry "FRA"]
[SourceTitle "EXT 2014"]
[Source "ChessBase"]
[SourceDate "2013.11.20"]
[SourceVersion "1"]
[SourceVersionDate "2013.11.20"]
[SourceQuality "1"]

1. e4 e6 2. d4 d5 3. Nd2 dxe4 4. Nxe4 Nd7 5. Nf3 Ngf6 6. Bg5 Be7 7. Nxf6+ Bxf6 8. h4 0-0 9. Qd2 e5 10. 0-0-0 exd4 1/2-1/2

[Event "FRA-chT4 1011"]
[Site "Champagne Ardennes"]
[Date "2011.03.20"]
[Round "6.1"]
[White "Lassalle, Arnaud"]
[Black "Dubuisson, Thomas"]
[Result "1/2-1/2"]
[WhiteElo "2064"]
[BlackElo "2005"]
[PlyCount "20"]
[EventDate "2010.10.10"]
[EventType "team-tourn"]
[EventRounds "7"]
[EventCountry "FRA"]
[SourceTitle "EXT 2024"]
[Source "ChessBase"]
[SourceDate "2023.10.10"]
[SourceVersion "1"]
[SourceVersionDate "2023.10.10"]
[SourceQuality "1"]

1. e4 g6 2. d4 Bg7 3. Nc3 d6 4. Bg5 Nd7 5. Qd2 c5 6. d5 a6 7. a4 Ngf6 8. f4 Qc7 9. Nf3 0-0 10. a5 c4 1/2-1/2

[Event "Champagne-chT"]
[Site "Ardennes"]
[Date "2005.05.05"]
[Round "3"]
[White "Delmont, Jean Robert"]
[Black "Dubuisson, Thomas"]
[Result "1-0"]
[WhiteElo "2022"]
[BlackElo "1926"]
[PlyCount "73"]
[EventDate "2005.05.05"]
[EventType "team"]
[EventRounds "8"]
[EventCountry "FRA"]
[SourceTitle "EXT 2007"]
[Source "ChessBase"]
[SourceDate "2006.11.23"]
[SourceVersion "1"]
[SourceVersionDate "2006.11.23"]
[SourceQuality "1"]

1. d4 Nf6 2. c4 c5 3. d5 d6 4. Nc3 g6 5. e4 Bg7 6. Be2 0-0 7. Nf3 e6 8. 0-0 exd5 9. cxd5 a6 10. a4 Re8 11. Nd2 Qc7 12. f3 Nbd7 13. Nc4 Ne5 14. Na3 c4 15. Be3 Bd7 16. a5 Qd8 17. Nxc4 Nxc4 18. Bxc4 Rc8 19. Be2 Qe7 20. Qd2 Nh5 21. g4 Nf6 22. Rac1 Bxg4 23. fxg4 Nxe4 24. Nxe4 Rxc1 25. Qxc1 Qxe4 26. Rf3 Qxg4+ 27. Kf1 Qe4 28. Qd2 Rc8 29. Qd3 Qe5 30. Bf4 Qxb2 31. Qb3 Qa1+ 32. Kg2 Qe1 33. Bf1 Qxa5 34. Qxb7 Rc2+ 35. Kh3 Qd8 36. Bxd6 Qxd6 37. Qxf7+ 1-0

[Event "Champagne-chT"]
[Site "Ardennes"]
[Date "2005.05.05"]
[Round "5"]
[White "Dubuisson, Thomas"]
[Black "Louis, Andre"]
[Result "1-0"]
[WhiteElo "1926"]
[BlackElo "2011"]
[PlyCount "91"]
[EventDate "2005.05.05"]
[EventType "team"]
[EventRounds "8"]
[EventCountry "FRA"]
[SourceTitle "EXT 2007"]
[Source "ChessBase"]
[SourceDate "2006.11.23"]
[SourceVersion "1"]
[SourceVersionDate "2006.11.23"]
[SourceQuality "1"]

1. e4 g6 2. d4 Bg7 3. Be3 d6 4. Bc4 e6 5. Nc3 a6 6. f4 Ne7 7. Bd3 Nbc6 8. Nf3 b5 9. 0-0 0-0 10. Ne2 Nb4 11. c3 Nxd3 12. Qxd3 Bb7 13. Ng5 h6 14. Nf3 f5 15. Ng3 fxe4 16. Nxe4 Nf5 17. Rae1 Qd7 18. Bc1 a5 19. h3 Bd5 20. b3 Rae8 21. Kh2 Qc6 22. g4 Ne7 23. Ng3 a4 24. Nh4 axb3 25. axb3 Bxb3 26. Nxg6 Bc4 27. Nxe7+ Rxe7 28. Qf3 Bd5 29. Qd3 Bc4 30. Qf3 Qd7 31. Rf2 e5 32. dxe5 dxe5 33. Nf5 Ree8 34. Nxg7 Kxg7 35. f5 Rf6 36. Rd1 Qf7 37. Rfd2 e4 38. Qe3 Bd3 39. Re1 Rd6 40. Ba3 Rd5 41. Bc5 c6 42. Ra2 Rxc5 43. f6+ Kh7 44. Qxc5 Qxa2+ 45. Kg3 Qe6 46. Qa7+ 1-0

[Event "Champagne-chT"]
[Site "Ardennes"]
[Date "2005.05.05"]
[Round "6"]
[White "Lommers, Frank"]
[Black "Dubuisson, Thomas"]
[Result "1-0"]
[WhiteElo "2211"]
[BlackElo "1926"]
[PlyCount "49"]
[EventDate "2005.05.05"]
[EventType "team"]
[EventRounds "8"]
[EventCountry "FRA"]
[SourceTitle "EXT 2007"]
[Source "ChessBase"]
[SourceDate "2006.11.23"]
[SourceVersion "1"]
[SourceVersionDate "2006.11.23"]
[SourceQuality "1"]

1. d4 Nf6 2. Nf3 c5 3. d5 e6 4. c4 exd5 5. cxd5 d6 6. Nc3 g6 7. Bf4 a6 8. e4 Bg7 9. Qa4+ Bd7 10. Qb3 Qc7 11. e5 dxe5 12. Bxe5 Qc8 13. Ne4 0-0 14. Nxf6+ Bxf6 15. Bxf6 Re8+ 16. Be2 Bb5 17. 0-0 Bxe2 18. Rfe1 Nd7 19. Bc3 c4 20. Qc2 Bxf3 21. gxf3 Rxe1+ 22. Rxe1 Qd8 23. Qd2 Nf6 24. Qd4 Kg7 25. d6 1-0

[Event "Champagne-chT"]
[Site "Ardennes"]
[Date "2005.05.05"]
[Round "2"]
[White "Monaville, Guy"]
[Black "Dubuisson, Thomas"]
[Result "1/2-1/2"]
[WhiteElo "2069"]
[BlackElo "1926"]
[PlyCount "60"]
[EventDate "2005.05.05"]
[EventType "team"]
[EventRounds "8"]
[EventCountry "FRA"]
[SourceTitle "EXT 2007"]
[Source "ChessBase"]
[SourceDate "2006.11.23"]
[SourceVersion "1"]
[SourceVersionDate "2006.11.23"]
[SourceQuality "1"]

1. e4 e6 2. d4 d5 3. e5 c5 4. Nf3 cxd4 5. Bd3 Nc6 6. 0-0 Nge7 7. Bf4 Ng6 8. Bg3 Qb6 9. Nbd2 Bd7 10. Nb3 Be7 11. h4 Qc7 12. Re1 Bb4 13. Re2 Nge7 14. a3 Ba5 15. Nbxd4 Nxd4 16. Nxd4 Bb6 17. Nb5 Bxb5 18. Bxb5+ Nc6 19. c3 0-0 20. Qd3 Ne7 21. h5 a6 22. Ba4 Rac8 23. Bb3 Nf5 24. Bf4 Qe7 25. Qh3 Rfd8 26. g4 Qh4 27. Kg2 Qxh3+ 28. Kxh3 Ne7 29. Rd1 Nc6 30. Be3 d4 1/2-1/2

[Event "Metz op 23rd"]
[Site "Metz"]
[Date "2005.04.18"]
[Round "3"]
[White "Dubuisson, Thomas"]
[Black "Pimenta, Antonio"]
[Result "0-1"]
[WhiteElo "1926"]
[BlackElo "2097"]
[PlyCount "32"]
[EventDate "2005.04.16"]
[EventType "swiss"]
[EventRounds "9"]
[EventCountry "FRA"]
[SourceTitle "CBM 105 Extra"]
[Source "ChessBase"]
[SourceDate "2005.05.01"]
[SourceVersion "1"]
[SourceVersionDate "2005.05.01"]
[SourceQuality "1"]

1. e4 e5 2. f4 exf4 3. Nf3 g5 4. h4 g4 5. Ne5 d5 6. exd5 Qe7 7. Qe2 Nf6 8. Nc3 Nh5 9. d4 Ng3 10. Qb5+ c6 11. dxc6 bxc6 12. Qc4 Bh6 13. Rg1 f6 14. Kf2 fxe5 15. dxe5 Qxh4 16. Bxf4 Bxf4 0-1

[Event "Metz op 23rd"]
[Site "Metz"]
[Date "2005.??.??"]
[Round "6"]
[White "Giraud, Sylvain"]
[Black "Dubuisson, Thomas"]
[Result "1-0"]
[WhiteElo "2041"]
[BlackElo "1926"]
[PlyCount "39"]
[EventDate "2005.04.16"]
[EventType "swiss"]
[EventRounds "9"]
[EventCountry "FRA"]
[SourceTitle "EXT 2007"]
[Source "ChessBase"]
[SourceDate "2006.11.23"]
[SourceVersion "1"]
[SourceVersionDate "2006.11.23"]
[SourceQuality "1"]

1. e4 e6 2. d4 d5 3. exd5 exd5 4. Bd3 Bd6 5. Nc3 Ne7 6. Qh5 Be6 7. Nge2 Nd7 8. Bg5 Nf6 9. Bxf6 gxf6 10. 0-0-0 Ng6 11. Nxd5 c6 12. Ndc3 Qb6 13. Qf3 0-0-0 14. Qxf6 Be7 15. Qf3 Nh4 16. Qe4 Bg5+ 17. f4 Bf5 18. Qe3 Bxd3 19. Qxd3 Bh6 20. Qh3+ 1-0

[Event "FRA-ch op-A"]
[Site "Le Grand Bornand"]
[Date "2003.??.??"]
[Round "8.3"]
[White "Rouquet, Ronan"]
[Black "Dubuisson, Thomas"]
[Result "1-0"]
[WhiteElo "1910"]
[BlackElo "1800"]
[PlyCount "91"]
[EventDate "2003.??.??"]
[EventType "swiss"]
[EventRounds "9"]
[EventCountry "FRA"]
[SourceTitle "EXT 2004"]
[Source "ChessBase"]
[SourceDate "2003.11.25"]
[SourceVersion "1"]
[SourceVersionDate "2003.11.25"]
[SourceQuality "1"]

1. d4 Nf6 2. Bg5 c5 3. d5 Qb6 4. Bc1 d6 5. Nc3 g6 6. e4 Bg7 7. Nf3 Nbd7 8. Be2 0-0 9. 0-0 a6 10. Nd2 Qc7 11. a4 b6 12. f4 Bb7 13. Bf3 c4 14. Re1 e6 15. Nf1 exd5 16. exd5 Rfe8 17. Be3 Re7 18. Bd4 Rae8 19. Qd2 Nc5 20. Ng3 Nfd7 21. Rxe7 Rxe7 22. Bxg7 Kxg7 23. Qd4+ Kg8 24. Qxc4 Ne6 25. Qxc7 Nxc7 26. Rd1 Nf6 27. Nge4 Nfxd5 28. Nxd5 Nxd5 29. Rxd5 Bxd5 30. Nf6+ Kg7 31. Nxd5 Rb7 32. Kf2 b5 33. Nb4 Ra7 34. a5 Rc7 35. c3 f6 36. Ke3 Kf7 37. Kd4 Ke6 38. Bd5+ Kd7 39. Nxa6 Ra7 40. Nb8+ Kc7 41. Nc6 Ra6 42. Kd3 Rxc6 43. Bxc6 Kxc6 44. Kd4 h6 45. g3 g5 46. h4 1-0

[Event "Val Thorens op"]
[Site "Val Thorens"]
[Date "2002.07.24"]
[Round "6"]
[White "Dubuisson, Thomas"]
[Black "Hentzien, Maxime"]
[Result "0-1"]
[WhiteElo "1800"]
[BlackElo "1810"]
[PlyCount "48"]
[EventDate "2002.07.15"]
[EventType "swiss"]
[EventRounds "9"]
[EventCountry "FRA"]
[SourceTitle "EXT 2003"]
[Source "ChessBase"]
[SourceDate "2002.11.25"]
[SourceVersion "1"]
[SourceVersionDate "2002.11.25"]
[SourceQuality "1"]

1. f4 d5 2. Nf3 Bf5 3. d3 e6 4. Nbd2 Nf6 5. Ne5 Nbd7 6. Ndf3 Bc5 7. g3 Nxe5 8. Nxe5 Ng4 9. d4 Bb6 10. Nxg4 Bxg4 11. Bg2 c5 12. Be3 Rc8 13. c3 0-0 14. 0-0 Qf6 15. Rc1 cxd4 16. Bxd4 Bxd4+ 17. cxd4 Rxc1 18. Qxc1 Bxe2 19. Rf2 Qxd4 20. Qe1 Bb5 21. Kh1 Rc8 22. Rd2 Qb4 23. a3 Qc5 24. Rd1 Ba4 0-1

[Event "Saint Quentin op 4th"]
[Site "Saint Quentin"]
[Date "2001.04.18"]
[Round "5.40"]
[White "Chauvel, Henri Paul"]
[Black "Dubuisson, Thomas"]
[Result "1-0"]
[WhiteElo "1880"]
[BlackElo "1620"]
[PlyCount "107"]
[EventDate "2001.04.15"]
[EventType "swiss"]
[EventRounds "9"]
[EventCountry "FRA"]
[SourceTitle "EXT 2002"]
[Source "ChessBase"]
[SourceDate "2001.11.25"]
[SourceVersion "1"]
[SourceVersionDate "2001.11.25"]
[SourceQuality "1"]

1. e4 e6 2. d3 b5 3. Nd2 Bb7 4. Ngf3 Nf6 5. g3 a6 6. Bg2 Nc6 7. d4 Be7 8. 0-0 d6 9. Re1 d5 10. e5 Nd7 11. Nf1 0-0 12. c3 Re8 13. h4 f6 14. exf6 Bxf6 15. Ng5 Nf8 16. Bf4 e5 17. dxe5 Nxe5 18. Ne3 c6 19. Ng4 Nxg4 20. Qxg4 Qd7 21. Qxd7 Nxd7 22. Nf3 Re7 23. Bd6 Ree8 24. g4 Kf7 25. g5 Be7 26. Bg3 Bc5 27. Bh3 Nf8 28. b4 Bb6 29. Ne5+ Kg8 30. Re2 Re7 31. Rae1 Rae8 32. Kg2 d4 33. cxd4 Bxd4 34. f4 c5+ 35. Kf1 c4 36. f5 Bxe5 37. Bxe5 g6 38. f6 Rf7 39. Bd6 Rxe2 40. Rxe2 Bd5 41. Re5 Bb7 42. Ke2 h6 43. Re8 Bd5 44. Re5 Bc6 45. Bxf8 Rxf8 46. Re7 hxg5 47. hxg5 Bd5 48. Rg7+ Kh8 49. Rxg6 c3 50. Kd3 Be4+ 51. Kxe4 c2 52. Rh6+ Kg8 53. Be6+ Rf7 54. Rh1 1-0

[Event "Ardennes-ch 0102"]
[Site "Ardennes"]
[Date "2001.??.??"]
[Round "?"]
[White "Dubuisson, Thomas"]
[Black "Brodier, Thierry"]
[Result "1-0"]
[WhiteElo "1830"]
[BlackElo "1580"]
[PlyCount "53"]
[EventDate "2001.??.??"]
[EventType "swiss"]
[EventRounds "9"]
[EventCountry "FRA"]
[SourceTitle "EXT 2008"]
[Source "ChessBase"]
[SourceDate "2007.11.25"]
[SourceVersion "1"]
[SourceVersionDate "2007.11.25"]
[SourceQuality "1"]

1. e4 c5 2. b3 Nc6 3. Bb2 d6 4. f4 Nf6 5. Nc3 Bg4 6. Be2 Bxe2 7. Ngxe2 e6 8. 0-0 Be7 9. d4 cxd4 10. Nxd4 Qb6 11. Na4 Qd8 12. Qf3 Rc8 13. c4 a6 14. Nxc6 Rxc6 15. e5 Nd7 16. exd6 Rxd6 17. Qxb7 0-0 18. Rad1 Nf6 19. Rxd6 Qxd6 20. Be5 Qd2 21. Qxe7 Qe3+ 22. Kh1 Ne4 23. Qh4 f6 24. Bc7 Rf7 25. Bb6 Qe2 26. Qe1 Qc2 27. Nc5 1-0